| 000 | 00937nam a22002057a 4500 | ||
|---|---|---|---|
| 008 | 110920t xxu||||| |||| 00| 0 eng d | ||
| 020 | _a9780538473095 | ||
| 050 |
_aHF5387 _b .R49 2010 |
||
| 100 | _aReynolds, George W. | ||
| 245 |
_aEthics in information technology/ _cGeorge W.Reynolds |
||
| 250 | _a3rd ed. | ||
| 260 |
_aAustralia _bcourse technology,cengage learning _c2010 |
||
| 300 |
_axx,451p. _bill. _c24 |
||
| 500 | _aincludes biblioographic references and index | ||
| 650 | _bInformation technology--Moral and ethical aspects | ||
| 650 | _bBusiness ethics | ||
| 942 |
_2lcc _cBK |
||
| 999 |
_c39290 _d39290 |
||